000 00391nam a2200169Ia 4500
005 20250423094731.0
008 250422s9999 xx 000 0 und d
020 _a0- 13- 009795- 0
050 _aQD31.2.B78/
100 _aJames C. Hill
245 0 _aChemistry the central science
250 _a9th ed.
260 _bPrentice- Hall
260 _c2003
300 _a580 p
942 _cBK
999 _c28133
_d28133